{"text_format":"3","workbook":"xlsx","n_sheets":7,"sheets":["表-04 单位工程预算价汇总表","表-08 分部分项工程和单价措施项目清单与计价表(含分部小计)","表-09 分部分项工程量清单综合单价分析表","表-11 总价措施项目清单与计价表","表-12 其他项目清单与计价汇总表","表-13 规费、税金项目清单与计价表","单位工程人材机汇总表"],"read":"whole","date_system":"1900"}

{"sheet":"表-04 单位工程预算价汇总表","index":0,"n_rows":38,"n_cols":6,"rows_kept":38,"merged":[[0,0,0,5],[1,0,1,2],[1,4,1,5],[2,2,2,4],[3,2,3,4],[4,2,4,4],[5,2,5,4],[6,2,6,4],[7,2,7,4],[8,2,8,4],[9,2,9,4],[10,2,10,4],[11,2,11,4],[12,2,12,4],[13,2,13,4],[14,2,14,4],[15,2,15,4],[16,2,16,4],[17,2,17,4],[18,2,18,4],[19,2,19,4],[20,2,20,4],[21,2,21,4],[22,2,22,4],[23,2,23,4],[24,2,24,4],[25,2,25,4],[26,2,26,4],[27,2,27,4],[28,2,28,4],[29,2,29,4],[30,2,30,4],[31,2,31,4],[32,2,32,4],[33,2,33,4],[34,2,34,4],[35,2,35,4],[36,0,36,1],[36,2,36,4],[37,0,37,2],[37,4,37,5]]}
["单位工程汇总表"]
["工程名称：板桥公园、廖地公园建设工程--安装工程",null,null,"标段：","第 1 页  共 1 页"]
["序号","汇总内容","金额:(元)",null,null,"其中：暂估价(元)"]
["1","分部分项合计",4075.52]
["1.1","防雷部分",4075.52]
["2","措施合计",805.3]
["2.1","绿色施工安全防护措施费",805.3]
["2.2","其他措施费"]
["3","其他项目",225.13,null,null,"－"]
["3.1","暂列金额"]
["3.2","暂估价"]
["3.3","计日工"]
["3.4","总承包服务费"]
["3.5","预算包干费",225.13]
["3.6","工程优质费"]
["3.7","概算幅度差"]
["3.8","索赔费用"]
["3.9","现场签证费用"]
["3.10","其他费用"]
["4","税前工程造价",5105.95]
["5","增值税销项税额",459.54,null,null,"－"]
["6","总造价",5565.49]
["7","人工费",1773.22]
{"$rows_empty":13}
["预算价合计=1+2+3+5",null,"5,565.49",null,null,"0.00"]
[{"$nulls":4},"表—04"]

{"sheet":"表-08 分部分项工程和单价措施项目清单与计价表(含分部小计)","index":1,"n_rows":33,"n_cols":11,"rows_kept":33,"merged":[[0,0,0,10],[1,0,1,3],[1,4,1,7],[1,8,1,10],[2,0,3,0],[2,1,3,1],[2,2,3,2],[2,3,3,4],[2,5,3,5],[2,6,3,6],[2,7,2,10],[3,7,3,8],[3,9,3,9],[4,3,4,4],[4,7,4,8],[5,3,5,4],[5,7,5,8],[6,3,6,4],[6,7,6,8],[7,3,7,4],[7,7,7,8],[8,3,8,4],[8,7,8,8],[9,3,9,4],[9,7,9,8],[10,3,10,4],[10,7,10,8],[11,3,11,4],[11,7,11,8],[12,3,12,4],[12,7,12,8],[13,3,13,4],[13,7,13,8],[14,3,14,4],[14,7,14,8],[15,3,15,4],[15,7,15,8],[16,3,16,4],[16,7,16,8],[17,3,17,4],[17,7,17,8],[18,3,18,4],[18,7,18,8],[19,3,19,4],[19,7,19,8],[20,3,20,4],[20,7,20,8],[21,3,21,4],[21,7,21,8],[22,3,22,4],[22,7,22,8],[23,3,23,4],[23,7,23,8],[24,3,24,4],[24,7,24,8],[25,3,25,4],[25,7,25,8],[26,3,26,4],[26,7,26,8],[27,3,27,4],[27,7,27,8],[28,3,28,4],[28,7,28,8],[29,0,29,8],[30,0,30,8],[31,0,31,10],[32,0,32,3],[32,4,32,7],[32,8,32,10]]}
["分部分项工程和单价措施项目清单与计价表"]
["工程名称：板桥公园、廖地公园建设工程--安装工程",{"$nulls":3},"标段：",{"$nulls":3},"第 1 页  共 1 页"]
["序号","项目编码","项目名称","项目特征描述",null,"计量单位","工程量","金额（元）"]
[{"$nulls":7},"综合单价",null,"综合合价","其中：暂估价"]
[null,null,"防雷部分"]
[1,"030409008001","等电位端子箱、测试板","1.名称:接地电阻测试点",null,"处","2",54.39,null,108.78]
[2,"030409002001","接地母线","1.名称:接地体 利用梁内钢筋",null,"m","30.18",8.13,null,245.36]
[3,"030409003001","避雷引下线","1.名称:利用柱内钢筋引下线",null,"m","17.2",18.79,null,323.19]
[4,"030409006001","避雷针","1.名称:避雷针 ∅12mm镀锌圆钢 高度为500mm",null,"根","10",76.17,null,761.7]
[5,"030409005001","避雷网","1.名称:暗装避雷带 ∅10镀锌圆钢",null,"m","68.28",13.08,null,893.1]
[6,"040807003001","接地装置调试","1.名称:母线、避雷器、电容器、接地装置调试 接地网",null,"系统","1",1743.39,null,1743.39]
[null,null,"防雷部分合计",{"$nulls":6},4075.52]
[null,null,"分部分项合计",{"$nulls":6},4075.52]
[null,null,"措施项目"]
[7,"031302007001","高层施工增加",null,null,"项","1"]
[8,"031301017001","脚手架搭拆费",null,null,"项","1"]
[null,null,"单价措施合计"]
{"$rows_empty":12}
["本页小计",{"$nulls":8},4075.52]
["合   计",{"$nulls":8},4075.52]
["注：为计取规费等的使用，可在表中增设其中：“定额人工费”。"]
[{"$nulls":8},"表—08"]

{"sheet":"表-09 分部分项工程量清单综合单价分析表","index":2,"n_rows":23,"n_cols":14,"rows_kept":23,"merged":[[0,0,0,13],[1,0,1,9],[1,10,1,13],[2,0,3,0],[2,1,3,1],[2,2,3,3],[2,4,3,4],[2,5,3,5],[2,6,2,12],[2,13,3,13],[3,9,3,10],[4,2,4,3],[4,9,4,10],[5,0,6,0],[5,2,5,3],[5,9,5,10],[5,13,5,13],[6,2,6,3],[6,9,6,10],[6,13,6,13],[7,2,7,3],[7,9,7,10],[8,0,9,0],[8,2,8,3],[8,9,8,10],[8,13,8,13],[9,2,9,3],[9,9,9,10],[9,13,9,13],[10,2,10,3],[10,9,10,10],[11,0,12,0],[11,2,11,3],[11,9,11,10],[11,13,11,13],[12,2,12,3],[12,9,12,10],[12,13,12,13],[13,2,13,3],[13,9,13,10],[14,0,16,0],[14,2,14,3],[14,9,14,10],[14,13,14,13],[15,2,15,3],[15,9,15,10],[15,13,16,13],[16,2,16,3],[16,9,16,10],[17,2,17,3],[17,9,17,10],[18,0,19,0],[18,2,18,3],[18,9,18,10],[18,13,18,13],[19,2,19,3],[19,9,19,10],[19,13,19,13],[20,2,20,3],[20,9,20,10],[21,0,22,0],[21,2,21,3],[21,9,21,10],[21,13,21,13],[22,2,22,3],[22,9,22,10],[22,13,22,13],[23,2,23,3],[23,9,23,10],[24,0,24,0],[24,2,24,3],[24,9,24,10],[24,13,24,13]]}
["分部分项工程量清单综合单价分析表"]
["工程名称：板桥公园、廖地公园建设工程--安装工程",{"$nulls":9},"第 1 页 共 1 页"]
["序号","编码","名称",null,"单位","工程量 ","其中：（元）",{"$nulls":6},"综合单价\n（元）"]
[{"$nulls":6},"人工费","材料费","机械费","管理费",null,"利润","小计"]
[null,null,"防雷部分"]
[1,"030409008001","等电位端子箱、测试板",null,"处",2,34.51,3.05,0.01,9.92,null,6.9,54.39]
[null,"C4-9-90","断接卡子制作、安装",null,"10套",0.2,34.51,3.05,0.01,9.92,null,6.91,54.39,54.39]
[]
[2,"030409002001","接地母线",null,"m",30.18,3.83,0.74,1.13,1.43,null,0.99,8.13]
[null,"C4-9-25","均压环敷设 利用梁内钢筋",null,"10m",3.018,3.83,0.74,1.13,1.43,null,0.99,8.12,8.13]
[]
[3,"030409003001","避雷引下线",null,"m",17.2,7.89,0.97,4.08,3.44,null,2.4,18.79]
[null,"C4-9-23","避雷引下线敷设 利用建筑物主筋引下",null,"10m",1.72,7.89,0.97,4.08,3.44,null,2.4,18.79,18.79]
[]
[4,"030409006001","避雷针",null,"根",10,21.5,39.38,3.24,7.11,null,4.94,76.17]
[null,"C4-9-65","避雷小短针制作",null,"根",10,11.87,35.91,null,3.41,null,2.37,53.56,76.17]
[null,"C4-9-66","避雷小短针在避雷网上安装",null,"根",10,9.63,3.47,3.24,3.7,null,2.57,22.61]
[]
[5,"030409005001","避雷网",null,"m",68.28,5.25,4.21,0.71,1.71,null,1.19,13.08]
[null,"C4-9-24","均压环敷设 利用型钢",null,"10m",6.828,5.25,4.22,0.71,1.71,null,1.19,13.08,13.08]
[]
[6,"040807003001","接地装置调试",null,"系统",1,879.58,null,292.53,336.86,null,234.42,1743.39]
[null,"C4-14-49","接地装置调试 接地网",null,"系统",1,879.58,null,292.53,336.86,null,234.42,1743.39,1743.39]

{"sheet":"表-11 总价措施项目清单与计价表","index":3,"n_rows":41,"n_cols":11,"rows_kept":41,"merged":[[0,0,0,10],[1,0,1,5],[1,6,1,7],[1,8,1,10],[2,5,2,6],[2,7,2,8],[3,5,3,6],[3,7,3,8],[4,5,4,6],[4,7,4,8],[5,5,5,6],[5,7,5,8],[6,5,6,6],[6,7,6,8],[7,5,7,6],[7,7,7,8],[8,5,8,6],[8,7,8,8],[9,5,9,6],[9,7,9,8],[10,5,10,6],[10,7,10,8],[11,0,11,5],[11,6,11,10],[12,0,12,10],[13,0,13,5],[13,6,13,7],[13,8,13,10],[14,0,14,10],[15,0,15,5],[15,6,15,7],[15,8,15,10],[16,5,16,6],[16,7,16,8],[17,5,17,6],[17,7,17,8],[18,5,18,6],[18,7,18,8],[19,5,19,6],[19,7,19,8],[20,5,20,6],[20,7,20,8],[21,5,21,6],[21,7,21,8],[22,5,22,6],[22,7,22,8],[23,5,23,6],[23,7,23,8],[24,5,24,6],[24,7,24,8],[25,5,25,6],[25,7,25,8],[26,5,26,6],[26,7,26,8],[27,5,27,6],[27,7,27,8],[28,5,28,6],[28,7,28,8],[29,5,29,6],[29,7,29,8],[30,5,30,6],[30,7,30,8],[31,5,31,6],[31,7,31,8],[32,5,32,6],[32,7,32,8],[33,5,33,6],[33,7,33,8],[34,5,34,6],[34,7,34,8],[35,5,35,6],[35,7,35,8],[36,5,36,6],[36,7,36,8],[37,0,37,4],[37,5,37,6],[37,7,37,8],[38,0,38,5],[38,6,38,10],[39,0,39,10],[40,0,40,5],[40,6,40,7],[40,8,40,10]]}
["总价措施项目清单与计价表"]
["工程名称：板桥公园、廖地公园建设工程--安装工程",{"$nulls":5},"标段：",null,"第 1 页  共 2 页"]
["序号","项目编码","项目名称","计算基础","费率\n(%)","金额\n(元)",null,"调整\n费率(%)",null,"调整后\n金额(元)","备注"]
["1","LSSGCSF00001","绿色施工安全防护措施费","分部分项人工费+分部分项机具费","35.77",805.3,{"$nulls":4},"以分部分项的人工费与施工机具费之和为计算基础，费率35.77%"]
["2","031301010001","安装与生产同时进行增加费用","分部分项人工费","0",{"$nulls":5},"按人工费的10%计算"]
["3","031301011001","在有害身体健康环境中施工增加费","分部分项人工费","0",{"$nulls":5},"按人工费的10%计算"]
["4","TSSGBWZJF001","在地下（暗）室、设备及大口径管道内等特殊施工部位进行施工增加费",null,"30",{"$nulls":5},"按该部分人工费的30%计算"]
["5","粤031302008001","赶工措施费","分部分项人工费+分部分项机具费","0",{"$nulls":5},"赶工措施费=（1-δ）*分部分项（人工费+施工机具费）*0.344 （0.8≤δ＜1   式中：δ=合同工期/定额工期）"]
["6","031302002001","夜间施工增加费",null,"20",{"$nulls":5},"按其夜间施工项目人工费的20%计算"]
["7","JTGRSGZJF001","交通干扰工程施工增加费",null,"10",{"$nulls":5},"按在市政道路上施工项目人工费的10%计算"]
["8","粤031302009001","文明工地增加费","分部分项人工费+分部分项机具费","0",{"$nulls":5},"以分部分项的人工费与施工机具费之和为计算"]
["编制人（造价人员）：",{"$nulls":5},"复核人（造价工程师）："]
["注：1.“计算基础”中安全文明施工费可为“定额基价”、“定额人工费”或“定额人工费+定额机械费”，其他项目可为“定额人工费”或“定额人工费+定额机械费”。\n    2.按施工方案计算的措施费，若无“计算基础”和“费率”的数值，也可只填“金额”数值，但应在备注栏说明施工方案出处或计算方法。"]
[{"$nulls":8},"表-11"]
["总价措施项目清单与计价表"]
["工程名称：板桥公园、廖地公园建设工程--安装工程",{"$nulls":5},"标段：",null,"第 2 页  共 2 页"]
["序号","项目编码","项目名称","计算基础","费率\n(%)","金额\n(元)",null,"调整\n费率(%)",null,"调整后\n金额(元)","备注"]
[{"$nulls":10},"基础；市级文明工地1.00%；省级文明工地2.00%"]
["9","DXGXJCJXF001","地下管线交叉降效费",{"$nulls":7},"按实际发生或经批准的施工方案计算"]
["10","QTFY00000001","其他费用",{"$nulls":7},"按实际发生或经批准的施工组织设计方案计算"]
{"$rows_empty":17}
["合    计",{"$nulls":4},805.3]
["编制人（造价人员）：",{"$nulls":5},"复核人（造价工程师）："]
["注：1.“计算基础”中安全文明施工费可为“定额基价”、“定额人工费”或“定额人工费+定额机械费”，其他项目可为“定额人工费”或“定额人工费+定额机械费”。\n    2.按施工方案计算的措施费，若无“计算基础”和“费率”的数值，也可只填“金额”数值，但应在备注栏说明施工方案出处或计算方法。"]
[{"$nulls":8},"表-11"]

{"sheet":"表-12 其他项目清单与计价汇总表","index":4,"n_rows":38,"n_cols":7,"rows_kept":38,"merged":[[0,0,0,4],[0,5,0,7],[1,0,1,7],[2,0,2,2],[2,3,2,4],[2,5,2,7],[3,2,3,3],[3,4,3,5],[4,2,4,3],[4,4,4,5],[5,2,5,3],[5,4,5,5],[6,2,6,3],[6,4,6,5],[7,2,7,3],[7,4,7,5],[8,2,8,3],[8,4,8,5],[9,2,9,3],[9,4,9,5],[10,2,10,3],[10,4,10,5],[11,2,11,3],[11,4,11,5],[12,2,12,3],[12,4,12,5],[13,2,13,3],[13,4,13,5],[14,2,14,3],[14,4,14,5],[15,2,15,3],[15,4,15,5],[16,2,16,3],[16,4,16,5],[17,2,17,3],[17,4,17,5],[18,2,18,3],[18,4,18,5],[19,2,19,3],[19,4,19,5],[20,2,20,3],[20,4,20,5],[21,2,21,3],[21,4,21,5],[22,2,22,3],[22,4,22,5],[23,2,23,3],[23,4,23,5],[24,2,24,3],[24,4,24,5],[25,2,25,3],[25,4,25,5],[26,2,26,3],[26,4,26,5],[27,2,27,3],[27,4,27,5],[28,2,28,3],[28,4,28,5],[29,2,29,3],[29,4,29,5],[30,2,30,3],[30,4,30,5],[31,2,31,3],[31,4,31,5],[32,2,32,3],[32,4,32,5],[33,2,33,3],[33,4,33,5],[34,2,34,3],[34,4,34,5],[35,2,35,3],[35,4,35,5],[36,0,36,7],[37,0,37,2],[37,3,37,4],[37,5,37,7]]}
[]
["其他项目清单与计价汇总表"]
["工程名称：板桥公园、廖地公园建设工程--安装工程",null,null,"标段：",null,"第 1 页  共 1 页"]
["序号","项目名称","金额（元）",null,"结算金额（元）",null,"备注"]
["1","暂列金额",{"$nulls":4},"明细详见表-12-1"]
["2","暂估价"]
["2.1","材料暂估价","—",{"$nulls":3},"明细详见表-12-2"]
["2.2","专业工程暂估价",{"$nulls":4},"明细详见表-12-3"]
["3","计日工",{"$nulls":4},"明细详见表-12-4"]
["4","总承包服务费",{"$nulls":4},"明细详见表-12-5"]
["5","预算包干费","225.13"]
["6","工程优质费"]
["7","概算幅度差"]
["8","现场签证费用"]
["9","索赔费用"]
["10","其他费用"]
{"$rows_empty":19}
[null,"合  计","225.13",{"$nulls":3},"—"]
["注：材料（工程设备）暂估单价进入清单项目综合单价，此处不汇总。"]
[{"$nulls":5},"表—12"]

{"sheet":"表-13 规费、税金项目清单与计价表","index":5,"n_rows":37,"n_cols":8,"rows_kept":37,"merged":[[0,0,0,7],[1,0,1,2],[1,3,1,5],[1,6,1,7],[2,2,2,3],[2,5,2,6],[3,2,3,3],[3,5,3,6],[4,2,4,3],[4,5,4,6],[5,2,5,3],[5,5,5,6],[6,2,6,3],[6,5,6,6],[7,2,7,3],[7,5,7,6],[8,2,8,3],[8,5,8,6],[9,2,9,3],[9,5,9,6],[10,2,10,3],[10,5,10,6],[11,2,11,3],[11,5,11,6],[12,2,12,3],[12,5,12,6],[13,2,13,3],[13,5,13,6],[14,2,14,3],[14,5,14,6],[15,2,15,3],[15,5,15,6],[16,2,16,3],[16,5,16,6],[17,2,17,3],[17,5,17,6],[18,2,18,3],[18,5,18,6],[19,2,19,3],[19,5,19,6],[20,2,20,3],[20,5,20,6],[21,2,21,3],[21,5,21,6],[22,2,22,3],[22,5,22,6],[23,2,23,3],[23,5,23,6],[24,2,24,3],[24,5,24,6],[25,2,25,3],[25,5,25,6],[26,2,26,3],[26,5,26,6],[27,2,27,3],[27,5,27,6],[28,2,28,3],[28,5,28,6],[29,2,29,3],[29,5,29,6],[30,2,30,3],[30,5,30,6],[31,2,31,3],[31,5,31,6],[32,2,32,3],[32,5,32,6],[33,2,33,3],[33,5,33,6],[34,0,34,6],[35,0,35,2],[35,3,35,7],[36,0,36,2],[36,3,36,5],[36,6,36,7]]}
["规费、税金项目清单与计价表"]
["工程名称：板桥公园、廖地公园建设工程--安装工程",null,null,"标段：",null,null,"第 1 页  共 1 页"]
["序号","项目名称","计算基础",null,"取费基数","计算费率\n(%)",null,"金额(元)"]
["1","增值税销项税额","分部分项合计+措施合计+其他项目",null,5105.95,"9",null,459.54]
{"$rows_empty":30}
["合    计",{"$nulls":6},459.54]
[" 编制人（造价人员）：",null,null,"复核人（造价工程师）："]
[{"$nulls":6},"表—13"]

{"sheet":"单位工程人材机汇总表","index":6,"n_rows":37,"n_cols":9,"rows_kept":37,"merged":[[0,0,0,9],[1,0,1,5],[1,7,1,9],[2,5,2,7],[3,5,3,7],[4,5,4,7],[5,5,5,7],[6,5,6,7],[7,5,7,7],[8,5,8,7],[9,5,9,7],[10,5,10,7],[11,5,11,7],[12,5,12,7],[13,5,13,7],[14,5,14,7],[15,5,15,7],[16,5,16,7],[17,5,17,7],[18,5,18,7],[19,5,19,7],[20,5,20,7],[21,5,21,7],[22,5,22,7],[23,5,23,7],[24,5,24,7],[25,5,25,7],[26,5,26,7],[27,5,27,7],[28,5,28,7],[29,5,29,7],[30,5,30,7],[31,5,31,7],[32,5,32,7],[33,5,33,7],[34,5,34,7],[35,5,35,7],[36,5,36,7]]}
["单位工程人材机汇总表"]
["工程名称：板桥公园、廖地公园建设工程--安装工程",{"$nulls":6},"第 1 页  共 1 页"]
["序号","编码","名称及规格","单位","数量","单价\n（元）",null,null,"合价\n（元）"]
[1,"00010010","人工费","元",1773.2155,1,null,null,1773.22]
[2,"01010105","镀锌热轧圆盘条φ10以内","kg",10.5398,4.92,null,null,51.86]
[3,"01130060","镀锌扁钢综合","kg",0.94,5.99,null,null,5.63]
[4,"03011600","镀锌六角螺栓2平1弹垫 M10×50以内","十套",0.412,0.52,null,null,0.21]
[5,"03135001@2","低碳钢焊条综合","kg",4.9988,6.01,null,null,30.04]
[6,"03136021@1","焊锡丝综合","kg",0.4,53.75,null,null,21.5]
[7,"03137041","焊锡膏","kg",0.4,30.29,null,null,12.12]
[8,"03139281@1","钢锯条","条",13.286,0.5,null,null,6.64]
[9,"13030240","厚漆","kg",0.03,19.21,null,null,0.58]
[10,"13050080@1","防锈漆C53-1","kg",0.06,13.25,null,null,0.8]
[11,"14010010","清油","kg",0.03,13.07,null,null,0.39]
[12,"99450760","其他材料费","元",15.939,1,null,null,15.94]
[13,"27050060","避雷针","根",10.5,30.29,null,null,318.05]
[14,"29170640@1","型钢避雷线","m",71.694,3.67,null,null,263.12]
[15,"99450630","折旧费","元",193.0832,1,null,null,193.08]
[16,"99450640","检修费","元",1.776,1,null,null,1.78]
[17,"99450650","维护费","元",54.4787,1,null,null,54.48]
[18,"99450660","安拆费","元",36.502,1,null,null,36.5]
[19,"99450700@1","电(机械用)","kw·h",173.2359,0.77,null,null,133.39]
[20,"99451300","校验费","元",58.9261,1,null,null,58.93]
{"$rows_empty":13}
[null,null,"合计",{"$nulls":5},2978.26]